000 00323nam a22001337a 4500
008 170414b xxu||||| |||| 00| 0 eng d
020 _a2900781746747
041 _aeng
080 _a612.39
100 _a10
101 _aSHM
245 _aAPPLICATIONS AND CASE STUDIES IN CLINICAL NUTRITION
_cGIROUX, I
942 _2udc
_cBK
999 _c10757
_d10757